[Event "Poznan op 24th"]
[Site "Poznan"]
[Date "2016.08.11"]
[Round "4"]
[White "Michalski, Karol"]
[Black "Sniezek, Kacper"]
[Result "1-0"]
[WhiteElo "1993"]
[BlackElo "1657"]
[PlyCount "91"]
[EventDate "2016.08.08"]
[EventType "swiss"]
[EventRounds "9"]
[EventCountry "POL"]
[SourceTitle "CBM 173 Extra"]
[Source "ChessBase"]
[SourceDate "2016.08.29"]
[SourceVersion "1"]
[SourceVersionDate "2016.08.29"]
[SourceQuality "1"]

1. d4 d5 2. Nf3 Nf6 3. Bf4 Bf5 4. c4 c6 5. e3 e6 6. Qb3 Qc8 7. Nc3 Nbd7 8. Rc1 dxc4 9. Bxc4 Nb6 10. Ne5 Be7 11. Be2 0-0 12. g4 Bg6 13. h4 c5 14. h5 Be4 15. f3 Bd5 16. Qc2 cxd4 17. exd4 Bb4 18. g5 Nfd7 19. g6 Nxe5 20. gxh7+ Kh8 21. dxe5 Bc4 22. Qe4 Qc6 23. Qxc6 bxc6 24. Bxc4 Nxc4 25. Ke2 Bxc3 26. Rxc3 Nxb2 27. Rxc6 Na4 28. Be3 Rab8 29. Rd1 Nb6 30. Bxb6 Rxb6 31. Rxb6 axb6 32. Rd7 Kxh7 33. a4 b5 34. axb5 Rb8 35. Rxf7 Rxb5 36. f4 Rb6 37. Kf3 Kh6 38. Kg4 Rb1 39. Re7 Rb6 40. Rf7 Rb4 41. Rf8 Kh7 42. Re8 Rb6 43. Kg5 Rc6 44. Re7 Kg8 45. Kg6 Rc1 46. Re8# 1-0

[Event "POL-chT3 Wielkopolskie 1516"]
[Site "Poland"]
[Date "2016.02.07"]
[Round "4.15"]
[White "Sobczak, Miroslaw"]
[Black "Sniezek, Kacper"]
[Result "0-1"]
[WhiteElo "1892"]
[BlackElo "1567"]
[PlyCount "60"]
[EventDate "2016.01.10"]
[EventType "team-tourn"]
[EventRounds "11"]
[EventCountry "POL"]
[SourceTitle "EXT 2019"]
[Source "ChessBase"]
[SourceDate "2018.10.10"]
[SourceVersion "1"]
[SourceVersionDate "2018.10.10"]
[SourceQuality "1"]

1. e4 c5 2. Nf3 g6 3. d4 cxd4 4. Nxd4 Nf6 5. Nc3 Bg7 6. Be3 0-0 7. Bc4 Nc6 8. Bb3 d6 9. f3 Bd7 10. Qd2 a6 11. 0-0-0 Na5 12. h4 Nxb3+ 13. cxb3 h5 14. Bg5 Qa5 15. Kb1 Rac8 16. Nd5 Qd8 17. Nxf6+ exf6 18. Bh6 Qe7 19. Bxg7 Kxg7 20. Nc2 Rfd8 21. Qxd6 Qe8 22. Qb6 Bc6 23. Nd4 Rd7 24. Nxc6 Rxc6 25. Qb4 Rdc7 26. a3 Qc8 27. Rd6 Rc1+ 28. Rxc1 Rxc1+ 29. Ka2 Qc2 30. Rxf6 Qb1# 0-1

[Event "POL-chT3 Wielkopolskie 1516"]
[Site "Poland"]
[Date "2016.01.17"]
[Round "2.27"]
[White "Sniezek, Kacper"]
[Black "Drozdzynski, Arkadiusz"]
[Result "0-1"]
[WhiteElo "1567"]
[BlackElo "1898"]
[PlyCount "100"]
[EventDate "2016.01.10"]
[EventType "team-tourn"]
[EventRounds "11"]
[EventCountry "POL"]
[SourceTitle "EXT 2019"]
[Source "ChessBase"]
[SourceDate "2018.10.10"]
[SourceVersion "1"]
[SourceVersionDate "2018.10.10"]
[SourceQuality "1"]

1. c4 Nf6 2. g3 d5 3. cxd5 Nxd5 4. Nc3 Nc6 5. Bg2 e6 6. Nf3 Be7 7. 0-0 0-0 8. a3 a6 9. Rb1 b5 10. Qc2 Bb7 11. Nxd5 exd5 12. d4 Bd6 13. Ng5 g6 14. Qd3 Ne7 15. h4 Nf5 16. h5 Qf6 17. Nf3 c5 18. Bg5 Qg7 19. Rbd1 Rfe8 20. Rfe1 Re4 21. h6 Qf8 22. e3 c4 23. Qc2 Ree8 24. Bf6 Nxh6 25. Bh3 Bc8 26. Bxc8 Raxc8 27. Kg2 Ng4 28. Be5 Bxe5 29. dxe5 Nxe5 30. Rxd5 Nxf3 31. Kxf3 Qe7 32. Rd4 Qf6+ 33. Rf4 Qc6+ 34. Ke2 Red8 35. Rd1 Rxd1 36. Kxd1 Rd8+ 37. Rd4 Qf3+ 38. Qe2 Rxd4+ 39. exd4 Qxe2+ 40. Kxe2 Kf8 41. Ke3 Ke7 42. Ke4 Ke6 43. g4 h5 44. gxh5 gxh5 45. d5+ Kd6 46. Kf5 a5 47. Kg5 b4 48. axb4 axb4 49. Kxh5 c3 50. bxc3 bxc3 0-1

[Event "POL-chT U19 2nd League"]
[Site "Iwonicz"]
[Date "2015.08.01"]
[Round "8.9"]
[White "Warchol, Bartosz"]
[Black "Sniezek, Kacper"]
[Result "1-0"]
[WhiteElo "1709"]
[BlackElo "1740"]
[PlyCount "71"]
[EventDate "2015.07.25"]
[EventType "team-swiss"]
[EventRounds "11"]
[EventCountry "POL"]
[SourceTitle "EXT 2019"]
[Source "ChessBase"]
[SourceDate "2018.10.10"]
[SourceVersion "1"]
[SourceVersionDate "2018.10.10"]
[SourceQuality "1"]
[WhiteTeam "Krakow Wisla U19"]
[BlackTeam "Leszno Wieniawa U19"]
[WhiteTeamCountry "POL"]
[BlackTeamCountry "POL"]

1. d4 d5 2. Nf3 Nf6 3. Bg5 Ne4 4. Bf4 g6 5. e3 Bg7 6. Bd3 Nd6 7. 0-0 0-0 8. Nbd2 Bg4 9. c3 c6 10. Qc2 Re8 11. h3 Bxf3 12. Nxf3 f6 13. e4 e5 14. dxe5 fxe5 15. Bg3 Nd7 16. Rfe1 Qc7 17. Rad1 Qa5 18. h4 Nf7 19. h5 Nf8 20. hxg6 hxg6 21. exd5 cxd5 22. Bxg6 e4 23. Bxf7+ Kxf7 24. Nd4 Bxd4 25. Rxd4 Ne6 26. Rb4 b6 27. Qd1 Rh8 28. Be5 Rh4 29. Qb3 Rh5 30. Rb5 Qa6 31. Rxd5 Re8 32. Qd1 Rg5 33. Rxe4 Qc8 34. Qf3+ Kg6 35. Qf6+ Kh5 36. Bg3 1-0

[Event "POL-chT3 Wielkopolskie 1415"]
[Site "Poland"]
[Date "2015.01.18"]
[Round "5.10"]
[White "Glatty, Zbigniew"]
[Black "Sniezek, Kacper"]
[Result "1-0"]
[WhiteElo "1915"]
[BlackElo "1442"]
[PlyCount "77"]
[EventDate "2014.11.30"]
[EventType "team-tourn"]
[EventRounds "11"]
[EventCountry "POL"]
[SourceTitle "EXT 2019"]
[Source "ChessBase"]
[SourceDate "2018.10.10"]
[SourceVersion "1"]
[SourceVersionDate "2018.10.10"]
[SourceQuality "1"]

1. e4 c5 2. Nf3 Nc6 3. d4 cxd4 4. Nxd4 g6 5. c4 Bg7 6. Be3 Nf6 7. Nc3 0-0 8. Be2 d6 9. 0-0 Bd7 10. Qd2 Re8 11. Rfd1 Rc8 12. b3 a6 13. Rac1 Qc7 14. f3 Rb8 15. Nd5 Qd8 16. Nxc6 bxc6 17. Nxf6+ Bxf6 18. c5 Qc7 19. cxd6 exd6 20. Qxd6 Qxd6 21. Rxd6 Be6 22. Rdxc6 a5 23. Bc4 Bxc4 24. R1xc4 Bg7 25. R6c5 Ra8 26. Ra4 Red8 27. Rcxa5 Rxa5 28. Rxa5 h6 29. Rd5 Rxd5 30. exd5 Be5 31. Bxh6 f6 32. Be3 Kf7 33. Bc5 Ke8 34. b4 Kd7 35. h3 g5 36. Kf1 f5 37. g4 fxg4 38. hxg4 Bf4 39. Ke2 1-0

[Event "POL-chT U19 3rd League Wielkopolska"]
[Site "Wielkopolska"]
[Date "2014.12.30"]
[Round "8.21"]
[White "Pabiszczak, Nikodem"]
[Black "Sniezek, Kacper"]
[Result "0-1"]
[WhiteElo "1374"]
[BlackElo "1408"]
[PlyCount "104"]
[EventDate "2014.01.18"]
[EventType "team-tourn"]
[EventRounds "9"]
[EventCountry "POL"]
[SourceTitle "EXT 2020"]
[Source "ChessBase"]
[SourceDate "2019.10.17"]
[SourceVersion "1"]
[SourceVersionDate "2019.10.17"]
[SourceQuality "1"]
[WhiteTeam "Ostrow Wielkopolski U19"]
[BlackTeam "Jarocin JKSW U19"]
[WhiteTeamCountry "POL"]
[BlackTeamCountry "POL"]

1. e4 c5 2. b3 Nc6 3. Bb2 Nf6 4. e5 Nd5 5. Bc4 Nb6 6. Be2 d5 7. exd6 Qxd6 8. Nf3 Qg6 9. Rg1 Bf5 10. Nh4 Qe6 11. Nxf5 Qxf5 12. d3 Nd4 13. Nd2 g6 14. Rb1 Bg7 15. Ne4 h5 16. Ba3 Nd7 17. b4 b6 18. bxc5 Nxc5 19. Bxc5 bxc5 20. f3 0-0 21. Kf2 Rfd8 22. Qc1 Kh7 23. Ng5+ Kg8 24. Ne4 Ne6 25. h3 Bd4+ 26. Kf1 Bxg1 27. Kxg1 Nd4 28. Bd1 Rab8 29. Ra1 c4 30. Qh6 Qe5 31. c3 Nf5 32. d4 Qxd4+ 33. cxd4 Nxh6 34. Be2 Rxd4 35. Rc1 Rc8 36. Kf2 Nf5 37. g4 hxg4 38. hxg4 Nd6 39. Ng5 Rd2 40. a4 c3 41. Ke3 Ra2 42. Bd1 Nc4+ 43. Kd3 Nb2+ 44. Kc2 Nxd1+ 45. Kxd1 Rd8+ 46. Ke1 Rdd2 47. Kf1 Rxa4 48. Ne4 Rd3 49. Ke2 Rd8 50. Rxc3 Rdd4 51. Nc5 Rac4 52. Rxc4 Rxc4 0-1